000 00571nam a2200241Ia 4500
003 OSt
005 20220912145428.0
006 a|||||r|||| 00| 0
007 ta
008 220909b |||||||| |||| 00| 0 eng d
024 _a66309
037 _cTextual
040 _aCSL
_beng
_cCSL
041 _aeng
082 _aB285, J9;3
100 _aScheffe Henry
245 0 _aAnalysis of variance
260 _c1959
300 _ap.
_ccm.
650 _aAnalysis of variance
942 _hB285, J9;3
_cTEXL
_2CC
999 _c31618
_d31618